000 00331nam a2200145Ia 4500
999 _c14202
_d14202
003 OSt
005 20260304173004.0
008 260210s9999 xx 000 0 und d
020 _a9781632387004
082 _a910.285
100 _aBlair
245 0 _aGeographic Information Systems
260 _bNY Research
942 _cBPLAN
_2ddc